| 000 | 00565nam a2200181 i 4500 | ||
|---|---|---|---|
| 001 | 15613 | ||
| 003 | ES-MaACL | ||
| 005 | 20230906151121.0 | ||
| 007 | t| | ||
| 008 | 000405s1999 sp ||||1| spa d | ||
| 080 | _a821.134.2(82) Borges, Jorge Luis | ||
| 245 | 0 | 0 |
_aBorges 99 _b: centenario. |
| 260 |
_aMálaga : _bEstigma, _c1999. |
||
| 300 |
_a109 p. : _bil. ; _c30 cm. |
||
| 500 | _aEs el nº 3 de Estigma: revista de investigación y creación. | ||
| 600 | 1 | 4 |
_aBorges, Jorge Luis- _xCrítica e interpretación. _930461 |
| 852 |
_aES-MaACL _jL-22671 _bR.127992 |
||
| 999 |
_c15613 _d15613 |
||